00331nam a2200109Ia 4500008004100000082000800041100001200049245004400061942000600105952009500111999001500206240331s9999 xx 000 0 und d bMAR aMarx, A 0aUlagamayam ethirpu arasiyal thalithukal cL 001040708LaWERCLbWERCLcSSCd2024-03-31l0o 331 MARp4945r2024-03-31w2024-03-31yL c3597d3597